书目信息 |
| 题名: |
交际汉语
|
|
| 作者: | 野露露 , 来云鹤 , 韩秋红 主编 ;中央电视台 编 | |
| 分册: | 4 | |
| 出版信息: | 北京 科学普及出版社 2005 |
|
| 页数: | 245页 | |
| 开本: | 21cm | |
| 丛书名: | ||
| 单 册: | ||
| 中图分类: | H195.5 , H195 | |
| 科图分类: | ||
| 主题词: | 汉语--口语--对外汉语教学--教材 , 汉语 , 口语 | |
| 电子资源: | ||
| ISBN: | 7-110-06119-1 | |
| 000 | 01136nam0 2200313 450 | |
| 001 | 2375483644 | |
| 005 | 20231230205911.13 | |
| 010 | @a7-110-06119-1@dCNY 42.00 | |
| 100 | @a20051101d2005 em y0chiy0120 ea | |
| 101 | 0 | @achi@aspa |
| 102 | @aCN@b110000 | |
| 105 | @aa z 000yy | |
| 200 | 1 | @a交际汉语@Ajiao ji han yu@h4@h4@b专著@dComunicate en Chino@e西班牙语版@eedicion en Espanol@f野露露,来云鹤,韩秋红主编@g中国中央电视台西班牙语频道编@zspa |
| 210 | @a北京@c科学普及出版社@d2005 | |
| 215 | @a245页@c彩照@d21cm | |
| 307 | @a另配DVD光盘及录音磁带 | |
| 330 | @a本书共10课,其中1课为复习课。每课学习一个话题,并针对该话题设有会话、文化背景知识、语言点等。 | |
| 510 | 1 | @aComunicate en Chino@h4@eedicion en Espanol@zspa |
| 606 | 0 | @a汉语@x口语@x对外汉语教学@j教材 |
| 606 | 0 | @a汉语 |
| 606 | 0 | @a口语 |
| 690 | @aH195.5@v5 | |
| 690 | @aH195@v4 | |
| 701 | 0 | @a野露露@Aye lu lu@c(女)@4主编 |
| 701 | 0 | @a来云鹤@Alai yun he@4主编 |
| 701 | 0 | @a韩秋红@Ahan qiu hong@c(对外汉语教学)@4主编 |
| 712 | 02 | @a中央电视台@Azhong yang dian shi tai@b西法语频道@4编 |
| 801 | 2 | @aCN@b辽宁北配@c20231205 |
| 905 | @aBZT@dH195@e19:4 | |
| 交际汉语.4.4=Comunicate en Chino:西班牙语版:edicion en Espanol/野露露,来云鹤,韩秋红主编/中国中央电视台西班牙语频道编.-北京:科学普及出版社,2005 |
| 245页:彩照;21cm |
| ISBN 7-110-06119-1:CNY 42.00 |
| 本书共10课,其中1课为复习课。每课学习一个话题,并针对该话题设有会话、文化背景知识、语言点等。 |
| ● |
| 相关链接 |
|
|
|
正题名:交际汉语
索取号:H195/19:4
 
预约/预借
| 序号 | 登录号 | 条形码 | 馆藏地/架位号 | 状态 | 备注 |
| 1 | 2001731891 | 2001731891 | 辽三/辽宁北配(第三批)/4475/ [索取号:H195/19:4] | 在馆 | |
| 2 | 2001731892 | 2001731892 | 辽三/辽宁北配(第三批)/4475/ [索取号:H195/19:4] | 在馆 | |
| 3 | 2001731893 | 2001731893 | 辽三/辽宁北配(第三批)/4475/ [索取号:H195/19:4] | 在馆 | |
| 4 | 2001731894 | 2001731894 | 辽三/辽宁北配(第三批)/4475/ [索取号:H195/19:4] | 在馆 | |
| 5 | 2001731895 | 2001731895 | 辽三/辽宁北配(第三批)/4475/ [索取号:H195/19:4] | 在馆 | |
| 6 | 2001731896 | 2001731896 | 辽三/辽宁北配(第三批)/4475/ [索取号:H195/19:4] | 在馆 | |
| 7 | 2001731897 | 2001731897 | 辽三/辽宁北配(第三批)/4475/ [索取号:H195/19:4] | 在馆 | |
| 8 | 2001731898 | 2001731898 | 辽三/辽宁北配(第三批)/4475/ [索取号:H195/19:4] | 在馆 | |
| 9 | 2001731899 | 2001731899 | 辽三/辽宁北配(第三批)/4475/ [索取号:H195/19:4] | 在馆 | |
| 10 | 2001731900 | 2001731900 | 辽三/辽宁北配(第三批)/4475/ [索取号:H195/19:4] | 在馆 | |
| 11 | 2001731901 | 2001731901 | 辽三/辽宁北配(第三批)/4475/ [索取号:H195/19:4] | 在馆 | |
| 12 | 2001731902 | 2001731902 | 辽三/辽宁北配(第三批)/4475/ [索取号:H195/19:4] | 在馆 | |
| 13 | 2001731903 | 2001731903 | 辽三/辽宁北配(第三批)/4475/ [索取号:H195/19:4] | 在馆 | |
| 14 | 2001731904 | 2001731904 | 辽三/辽宁北配(第三批)/4475/ [索取号:H195/19:4] | 在馆 | |
| 15 | 2001731905 | 2001731905 | 辽三/辽宁北配(第三批)/4475/ [索取号:H195/19:4] | 在馆 | |
| 16 | 2001731906 | 2001731906 | 辽三/辽宁北配(第三批)/4475/ [索取号:H195/19:4] | 在馆 | |
| 17 | 2001731907 | 2001731907 | 辽三/辽宁北配(第三批)/4475/ [索取号:H195/19:4] | 在馆 | |
| 18 | 2001731908 | 2001731908 | 辽三/辽宁北配(第三批)/4475/ [索取号:H195/19:4] | 在馆 | |
| 19 | 2001731909 | 2001731909 | 辽三/辽宁北配(第三批)/4475/ [索取号:H195/19:4] | 在馆 | |
| 20 | 2001731910 | 2001731910 | 辽三/辽宁北配(第三批)/4475/ [索取号:H195/19:4] | 在馆 | |
| 21 | 2001731911 | 2001731911 | 辽三/辽宁北配(第三批)/4475/ [索取号:H195/19:4] | 在馆 | |
| 22 | 2001731912 | 2001731912 | 辽三/辽宁北配(第三批)/4475/ [索取号:H195/19:4] | 在馆 | |
| 23 | 2001731913 | 2001731913 | 辽三/辽宁北配(第三批)/4475/ [索取号:H195/19:4] | 在馆 | |
| 24 | 2001731914 | 2001731914 | 辽三/辽宁北配(第三批)/4475/ [索取号:H195/19:4] | 在馆 | |
| 25 | 2001731915 | 2001731915 | 辽三/辽宁北配(第三批)/4475/ [索取号:H195/19:4] | 在馆 | |
| 26 | 2001731916 | 2001731916 | 辽三/辽宁北配(第三批)/4475/ [索取号:H195/19:4] | 在馆 |